000 00269nam a22001337a 4500
003 SGT
082 _a340,ROB
100 _aROBERTS, B.C.
245 _aINDUSTRIAL RELATIONS
260 _aLADAN
_bMETHUEN
_c1968
300 _a299
650 _aLAW BOOKS
942 _2ddc
_cBK
999 _c10221
_d10221